[Event "Riazan Region-ch FL"]
[Site "Riazan"]
[Date "2011.01.02"]
[Round "?"]
[White "Kalinin, Vasiliy"]
[Black "Golovinsky, Alexandr"]
[Result "1-0"]
[WhiteElo "2216"]
[BlackElo "2004"]
[PlyCount "135"]
[EventDate "2011.01.02"]
[EventType "swiss"]
[EventRounds "9"]
[EventCountry "RUS"]
[SourceTitle "EXT 2022"]
[Source "ChessBase"]
[SourceDate "2021.10.06"]
[SourceVersion "1"]
[SourceVersionDate "2021.10.06"]
[SourceQuality "1"]

1. d4 c6 2. Nf3 d6 3. Bf4 Nd7 4. e3 Ngf6 5. h3 e6 6. Nbd2 Be7 7. c3 0-0 8. Be2 d5 9. 0-0 Ne8 10. e4 f6 11. exd5 cxd5 12. Qb3 Bd6 13. Bxd6 Nxd6 14. Bd3 Re8 15. Rfe1 Qb6 16. Qc2 Nf8 17. a4 Bd7 18. a5 Qc7 19. Qb3 Rac8 20. Qb4 Nc4 21. Nxc4 dxc4 22. Be4 Rb8 23. Nd2 Rec8 24. Bf3 b5 25. axb6 Rxb6 26. Qa3 a6 27. Be2 Bb5 28. Qa5 Rcb8 29. Ra2 Ng6 30. Bf1 Nf4 31. g3 Nd5 32. Bg2 Qc8 33. Ne4 Bd7 34. Nc5 Nc7 35. Nxd7 Qxd7 36. Qc5 Rxb2 37. Rxb2 Rxb2 38. Bc6 Qd8 39. Qxc4 Qd6 40. Bf3 h6 41. Kg2 Kh8 42. Ra1 Qb6 43. Ra2 Rxa2 44. Qxa2 Nb5 45. Qc4 Qd6 46. h4 Nc7 47. h5 f5 48. Qb3 Nb5 49. Qc4 Nc7 50. Bc6 Kg8 51. Qa4 Kf7 52. Bf3 Nb5 53. Qa5 Qc7 54. Qxa6 Nxc3 55. Qd3 Kf6 56. Qe3 Nd5 57. Bxd5 exd5 58. Qe8 Qf7 59. Qe5+ Kg5 60. Qe2 Kf6 61. f4 Qe6 62. Qe5+ Kf7 63. Kf2 Qxe5 64. dxe5 g6 65. hxg6+ Kxg6 66. Ke3 Kh5 67. e6 Kg4 68. e7 1-0